00266 2200121 4500245004700000250001100047100001000058650001600068005001900084260001800103041001400121336000900135 aLAPORAN KARYA SISWAb : AYAMcCHICAhText aCet. 1 aCHICA aKarya Siswa a20240829123616 aJakartac2024 aIndonesia atext